[Event "La Balanguera Nadal op"]
[Site "La Balanguera"]
[Date "2021.12.11"]
[Round "2"]
[White "Ruiz Ruiz, Francisco Gabriel"]
[Black "Juan Mas, Santiago"]
[Result "0-1"]
[WhiteElo "1607"]
[BlackElo "1923"]
[PlyCount "72"]
[EventDate "2021.12.10"]
[EventType "swiss"]
[EventRounds "5"]
[EventCountry "ESP"]
[SourceTitle "EXT 2023"]
[Source "ChessBase"]
[SourceDate "2022.10.05"]
[SourceVersion "1"]
[SourceVersionDate "2022.10.05"]
[SourceQuality "1"]

1. d4 g6 2. Bg5 Bg7 3. e3 c5 4. c3 Nf6 5. Bd3 0-0 6. h4 d6 7. Bxf6 Bxf6 8. Nf3 Bg4 9. Qc2 cxd4 10. Nxd4 e5 11. Nb3 d5 12. h5 e4 13. Be2 Bxe2 14. Qxe2 Nd7 15. hxg6 hxg6 16. Qg4 Ne5 17. Qh3 Re8 18. N1d2 Nd3+ 19. Ke2 Nxb2 20. Rh2 Qc8 21. Qh7+ Kf8 22. Qh6+ Bg7 23. Qg5 Qc6 24. Rah1 Bf6 25. Qg4 Qb5+ 26. c4 Nxc4 27. Nxc4 Qxc4+ 28. Kd1 Rac8 29. Rh8+ Bxh8 30. Rxh8+ Kg7 31. Rxe8 Qc2+ 32. Ke1 Qb1+ 33. Ke2 Qc2+ 34. Kf1 Rxe8 35. Nd4 Qb1+ 36. Ke2 Qxa2+ 0-1

[Event "Tenerife-chT Segunda"]
[Site "Tenerife"]
[Date "2021.05.15"]
[Round "6.1"]
[White "Mansino Febles, Eusebio Valentin"]
[Black "Ruiz Ruiz, Francisco Gabriel"]
[Result "1-0"]
[WhiteElo "1478"]
[BlackElo "1604"]
[PlyCount "87"]
[EventDate "2021.02.27"]
[EventType "team-tourn"]
[EventRounds "13"]
[EventCountry "ESP"]
[SourceTitle "EXT 2023"]
[Source "ChessBase"]
[SourceDate "2022.10.05"]
[SourceVersion "1"]
[SourceVersionDate "2022.10.05"]
[SourceQuality "1"]
[WhiteTeam "La Victoria 94 II"]
[BlackTeam "Fundacion La Caja de Canarias III"]
[WhiteTeamCountry "ESP"]
[BlackTeamCountry "ESP"]

1. e4 c5 2. c4 d6 3. Nc3 Nf6 4. g3 Nc6 5. Bg2 Ne5 6. d3 g6 7. f4 Nc6 8. Nge2 Bg4 9. h3 Bxe2 10. Nxe2 Bg7 11. 0-0 0-0 12. Rb1 Nd7 13. Be3 f5 14. exf5 Rxf5 15. Qd2 Rf8 16. g4 h6 17. Ng3 e6 18. Rf2 Nd4 19. Bxb7 Qh4 20. Kg2 Rab8 21. Be4 e5 22. Bxd4 exf4 23. Ne2 Bxd4 24. Nxd4 Qg3+ 25. Kf1 cxd4 26. Rf3 Qh4 27. Kg2 g5 28. Qa5 Ne5 29. Qc7 Nf7 30. Qd7 h5 31. Qf5 hxg4 32. hxg4 Ne5 33. Qe6+ Kh8 34. Rh3 f3+ 35. Bxf3 Qxh3+ 36. Kxh3 Rxf3+ 37. Kg2 Rbf8 38. Rh1+ Kg7 39. Qe7+ Kg6 40. Qh7+ Kf6 41. Rh6+ Ng6 42. Rxg6+ Ke5 43. Qe7+ Kf4 44. Qxg5# 1-0

[Event "Mallorca-ch Tercera"]
[Site "Palma"]
[Date "2017.12.16"]
[Round "7.4"]
[White "Ruiz Ruiz, Francisco Gabriel"]
[Black "Cuenca Sastre, Marc"]
[Result "1-0"]
[WhiteElo "1257"]
[BlackElo "1341"]
[PlyCount "97"]
[EventDate "2017.12.02"]
[EventType "swiss"]
[EventRounds "8"]
[EventCountry "ESP"]
[SourceTitle "EXT 2024"]
[Source "ChessBase"]
[SourceDate "2023.10.10"]
[SourceVersion "1"]
[SourceVersionDate "2023.10.10"]
[SourceQuality "1"]

1. d4 g6 2. e4 d6 3. Nc3 Nf6 4. f4 Bg7 5. Bd3 0-0 6. Nf3 c5 7. d5 e6 8. dxe6 Bxe6 9. f5 Bd7 10. fxg6 fxg6 11. 0-0 Bg4 12. Bc4+ Kh8 13. h3 Bxf3 14. Rxf3 Nc6 15. Bf4 Ne5 16. Bxe5 dxe5 17. Qxd8 Raxd8 18. Raf1 Rd4 19. Bd5 Rb4 20. b3 Nxd5 21. exd5 Rxf3 22. gxf3 Rd4 23. Rd1 Rxd1+ 24. Nxd1 Kg8 25. Kf2 Kf7 26. Ke3 Bf8 27. Ke4 Bd6 28. Ne3 b5 29. Ng4 Ke7 30. Nxe5 Kf6 31. f4 a6 32. a4 b4 33. Nc4 Bb8 34. Ne5 Bd6 35. Nc4 Bb8 36. Na5 g5 37. fxg5+ Kxg5 38. Nb7 Kh4 39. d6 Kxh3 40. d7 Bc7 41. Nxc5 Kg3 42. Ne6 Bb6 43. d8Q Bxd8 44. Nxd8 h5 45. Ne6 h4 46. Nf4 h3 47. Nxh3 Kxh3 48. Kd4 Kg3 49. Kc4 1-0

[Event "Mallorca-ch Tercera"]
[Site "Palma"]
[Date "2017.12.03"]
[Round "2.9"]
[White "Ruiz Ruiz, Francisco Gabriel"]
[Black "Porcel Jimenez, Ramon"]
[Result "1-0"]
[WhiteElo "1257"]
[BlackElo "1400"]
[PlyCount "80"]
[EventDate "2017.12.02"]
[EventType "swiss"]
[EventRounds "8"]
[EventCountry "ESP"]
[SourceTitle "EXT 2024"]
[Source "ChessBase"]
[SourceDate "2023.10.10"]
[SourceVersion "1"]
[SourceVersionDate "2023.10.10"]
[SourceQuality "1"]

1. d4 Nf6 2. Bf4 e6 3. e3 d5 4. c3 c5 5. Nd2 Nc6 6. h3 cxd4 7. exd4 Bd6 8. Bxd6 Qxd6 9. Ngf3 0-0 10. Be2 e5 11. dxe5 Nxe5 12. Nxe5 Qxe5 13. Nf3 Qc7 14. 0-0 Re8 15. Re1 Bd7 16. Bd3 Bc6 17. Qc2 Qf4 18. Nd4 Bd7 19. Bb5 Bxb5 20. Nxb5 Qb8 21. Rxe8+ Nxe8 22. Re1 Nd6 23. Qe2 Qd8 24. Nxd6 Qxd6 25. Qe7 Qxe7 26. Rxe7 b5 27. Rd7 Kf8 28. Rxd5 Ke7 29. Rxb5 a6 30. Rb7+ Ke6 31. Kf1 a5 32. Ke2 Ra6 33. f4 g6 34. g4 h6 35. h4 f6 36. Rb5 a4 37. a3 Kd6 38. Kd3 Kc6 39. Kc4 Rb6 40. Rxb6+ Kxb6 1-0